|
|
|
|
| LEADER |
01389nam a2200409 a 4500 |
| 001 |
000937470 |
| 003 |
CZ BrMZK |
| 005 |
20090522140033.0 |
| 007 |
ta |
| 008 |
090504s1982 xr e 000 0ccze |
| 020 |
|
|
|q (Brož.)
|
| 040 |
|
|
|a BOA001
|b cze
|
| 043 |
|
|
|a e-xr---
|b e-xr-jm
|2 czenas
|
| 045 |
|
|
|a u-u-
|a x9x8
|
| 080 |
|
|
|a 821.111-2
|2 MRF
|
| 080 |
|
|
|a 792.2
|2 MRF
|
| 080 |
|
|
|a (437.322)
|2 MRF
|
| 080 |
|
|
|a (083.97)
|2 MRF
|
| 245 |
0 |
0 |
|a William Shakespeare, Othello :
|b [předpremiéra 3. dubna 1982 : premiéra 9. dubna 1982 v Mahenově divadle /
|c program připravila Ludmila Bařinková]
|
| 246 |
3 |
0 |
|a Othello
|
| 260 |
|
|
|a V Brně :
|b Státní divadlo,
|c 1982
|
| 300 |
|
|
|a [12] s. ;
|c 20 cm
|
| 500 |
|
|
|a Název z obálky
|
| 648 |
|
7 |
|a 17. století
|7 ch460555
|2 czenas
|
| 648 |
|
4 |
|a 1982
|
| 650 |
0 |
7 |
|a anglické drama
|7 ph114054
|y 17. stol.
|2 czenas
|
| 650 |
0 |
7 |
|a činohry
|7 ph128179
|z Česko
|y 1982
|2 czenas
|
| 655 |
|
7 |
|a divadelní programy
|7 fd132033
|2 czenas
|
| 610 |
2 |
7 |
|a Mahenovo divadlo
|7 kn20010709308
|2 czenas
|
| 651 |
|
7 |
|a Brno (Česko)
|7 ge134084
|2 czenas
|
| 700 |
1 |
|
|a Bařinková, Ludmila,
|d 1931-2014
|7 jk01011048
|4 edt
|
| 710 |
2 |
|
|a Státní divadlo v Brně
|7 ko2003207888
|
| 910 |
2 |
|
|a BOA001
|b 2-1222.493
|
| 990 |
|
|
|a BK
|
| 995 |
|
|
|a 60
|
| 991 |
|
|
|b 200905
|
| 996 |
6 |
|
|b 2610376232
|c 2-1222.493
|l MZK
|r Sklad / do 1 hodiny
|n 0
|p dar
|w 000937470
|u 000010
|a 1
|e BOA001
|j MZK50
|s P
|